000 00504nam a2200181Ia 4500
008 090123s9999 xx 000 0 und d
082 _b38239
100 _aदिवाण वृंदा
245 _aस्वीकार
250 _a1
260 _bअमोल प्रकाशन
_c2005
300 _a152
600 _aदिवाण वृंदा
630 _aस्वीकार
700 _aदिवाण वृंदा
730 _aस्वीकार
942 _cBOOK
999 _c76309
_d76309